Φορτώνει......
The making of the marxist philosophy/
| Κύριος συγγραφέας: | |
|---|---|
| Μορφή: | Printed Book |
| Γλώσσα: | English |
| Έκδοση: |
New Delhi:
Aakar,
2016.
|
| LEADER | 00423nam a22001337a 4500 | ||
|---|---|---|---|
| 008 | 170202b xxu||||| |||| 00| 0 eng d | ||
| 020 | |a 978-93-5002-394-5 | ||
| 100 | |a Oizerman, T I. | ||
| 245 | |a The making of the marxist philosophy/ | ||
| 260 | |a New Delhi: |b Aakar, |c 2016. | ||
| 300 | |a 496p. | ||
| 942 | |c BK | ||
| 999 | |c 342103 |d 342103 | ||
| 952 | |0 0 |1 0 |4 0 |7 0 |9 392593 |a POL |b POL |c ST1 |d 2017-02-02 |i POL2476 |l 0 |p POL2476 |r 2017-02-02 |w 2017-02-02 |y BK | ||